书目信息 |
| 题名: |
朱湘诗全编
|
|
| 作者: | 朱湘 著 ;周良沛 编 | |
| 分册: | ||
| 出版信息: | 成都 四川文艺出版社 2019 |
|
| 页数: | 25,396页 | |
| 开本: | 21cm | |
| 丛书名: | ||
| 单 册: | ||
| 中图分类: | I226.1 | |
| 科图分类: | ||
| 主题词: | 新诗--诗集--中国--现代 | |
| 电子资源: | ||
| ISBN: | 978-7-5411-5261-0 | |
| 000 | 00676nam0 2200241 450 | |
| 001 | 012001006673 | |
| 005 | 20191023153130.26 | |
| 010 | @a978-7-5411-5261-0@b精装@dCNY58.00 | |
| 100 | @a20190530d2019 em y0chiy50 ea | |
| 101 | 0 | @achi |
| 102 | @aCN@b510000 | |
| 105 | @ay z 000gy | |
| 106 | @ar | |
| 200 | 1 | @a朱湘诗全编@9zhu xiang shi quan bian@b专著@f朱湘著@g周良沛编 |
| 205 | @a2版 | |
| 210 | @a成都@c四川文艺出版社@d2019 | |
| 215 | @a25,396页@d21cm | |
| 606 | 0 | @a新诗@x诗集@y中国@z现代 |
| 690 | @aI226.1@v5 | |
| 701 | 0 | @a朱湘@9zhu xiang@4著 |
| 702 | 0 | @a周良沛@9zhou liang pei@4编 |
| 801 | 2 | @aCN@b上海新华@c20191020 |
| 905 | @b1175126-9@dI226.1@e113=2@f4 | |
| 朱湘诗全编/朱湘著/周良沛编.-2版.-成都:四川文艺出版社,2019 |
| 25,396页;21cm |
| ISBN 978-7-5411-5261-0(精装):CNY58.00 |
| ● |
| 相关链接 |
|
|
|
|
正题名:朱湘诗全编
索取号:I226.1/113=2
 
预约/预借
| 序号 | 登录号 | 条形码 | 馆藏地/架位号 | 状态 | 备注 |
| 1 | 1175126 | 211751264 | 第一样本阅览室/ [索取号:I226.1/113=2] | 在馆 | |
| 2 | 1175127 | 211751273 | 第二借阅区/ [索取号:I226.1/113=2] | 在馆 | |
| 3 | 1175128 | 211751282 | 第二借阅区/ [索取号:I226.1/113=2] | 在馆 | |
| 4 | 1175129 | 211751291 | 第二借阅区/ [索取号:I226.1/113=2] | 在馆 |